Regulace monopolů v oblasti elektroenergetiky
Guardado en:
| Autor principal: | |
|---|---|
| Formato: | Capítulo de libro |
| Lenguaje: | checo |
| Etiquetas: |
Sin Etiquetas, Sea el primero en etiquetar este registro!
|
MARC
| LEADER | 00000naa$a2200000$$$4500 | ||
|---|---|---|---|
| 001 | 0060798 | ||
| 005 | 20240502071656.8 | ||
| 041 | 0 | |a cze | |
| 044 | |a SK | ||
| 245 | 1 | 0 | |a Regulace monopolů v oblasti elektroenergetiky |c Zuzana Kohoutová |
| 100 | 1 | |a Kohoutová, Zuzana | |